000 01436cam a22003014a 4500
005 20250605164217.0
008 250528s ||||||||||||||||||||||||d
035 _a20502
020 _a6528278
040 _aGR-AtMCL
_bgre
_dGR-AtMCL
_eAACR2
245 1 _aThe United States / Life World Library
260 _bTime Incorporated,
_c1965
300 _a192
505 0 _aIntroduction, The Practical Idealists, Reinterpreting an Elusive Past, The Enduring Flexibility of a Political System, An Economy Born of Democracy, Forging a Nation's Soul and Conscience, The Busy Search for Leisure, An Optimistic People's Religious Zeal, Education's Growing Dilemma, The Thankless Role of a Great Power, Index.
520 _aIntroduction, The Practical Idealists, Reinterpreting an Elusive Past, The Enduring Flexibility of a Political System, An Economy Born of Democracy, Forging a Nation's Soul and Conscience, The Busy Search for Leisure, An Optimistic People's Religious Zeal, Education's Growing Dilemma, The Thankless Role of a Great Power, Index.
700 1 _aAron Raymond
_96486
700 1 _aClement Alain
_96487
700 1 _aCunliffe Marcus
_96452
700 1 _aO'Donovan Patrick
_96488
700 1 _aSalvadori Massimo
_96489
700 1 _aSkard Sigmund
_96490
700 1 _aVon Borch Herbert
_96491
700 1 _aVon Zahn Peter
_96492
700 1 _aWarren Max
_96493
942 _cBK
999 _c5604
_d5604